| 000 | 00936nam a2200325Ia 4500 | ||
|---|---|---|---|
| 001 | Z_4954 | ||
| 003 | CHAP | ||
| 008 | 220113s1981 xx 000 0 und d | ||
| 010 | _a168009 | ||
| 040 | _cCHAP | ||
| 082 | _a636.0896 G5 | ||
| 100 |
_aGillespie, James Howard _948024 |
||
| 245 |
_aHagan and Bruner's infectious diseases of domestic animals / _cby James Howard Gillespie and John Francis Timoney |
||
| 260 |
_aIthaca : _bCornell University, _c1981 |
||
| 300 | _a851 p. | ||
| 440 | _a | ||
| 500 | _a | ||
| 503 | _a | ||
| 650 |
_aBacteriología veterinaria _99338 |
||
| 650 |
_aEnfermedades infecciosas en animales I. Bruner, Dorsey William II. Gillespie, James Howard III. t. _9139988 |
||
| 650 |
_aMicroorganismos patógenos _975528 |
||
| 650 |
_aVeterinaria _9118987 |
||
| 650 |
_aVirus _9119936 |
||
| 901 | _a636.0896 G5 | ||
| 902 | _aA | ||
| 910 | _a1981 | ||
| 942 | _c1 | ||
| 942 | _cc1 | ||
| 999 |
_c168009 _d168009 |
||